书目信息 |
| 题名: |
人间诚可居
|
|
| 作者: | 郭婉玲 著 | |
| 分册: | ||
| 出版信息: | 苏州 苏州大学出版社 2020.9 |
|
| 页数: | 370页 | |
| 开本: | 25cm | |
| 丛书名: | ||
| 单 册: | ||
| 中图分类: | G631.6 | |
| 科图分类: | ||
| 主题词: | 中学生--素质教育--教学研究 | |
| 电子资源: | ||
| ISBN: | 978-7-5672-3212-9 | |
| 000 | 01100nam0 2200229 45 | |
| 001 | 012001002560 | |
| 005 | 20140823134331.0 | |
| 010 | @a978-7-5672-3212-9@dCNY80.00 | |
| 100 | @a20201029d2020 em y0chiy0110 ea | |
| 101 | 0 | @achi |
| 102 | @aCN@b320000 | |
| 105 | @ay z 000yy | |
| 106 | @ar | |
| 200 | 1 | @a人间诚可居@Aren jian cheng ke ju@f郭婉玲著 |
| 210 | @a苏州@c苏州大学出版社@d2020.9 | |
| 215 | @a370页@d25cm | |
| 330 | @a本书主要从个体心理层面研究情感记忆在教育领域对学生心理塑造的意义,作者主要从六个方面进行了探索:一故乡的寻根意识,二成长的叠加心理,三世间的人情暖意,四生活的浪漫情怀,五万物的永恒昭示,六情绪的智慧启迪。本书将基础研究与教育实践应用结合在一起,以富有逻辑性的组织结构,剖析了学生心理的各种情境以及在社会历史和文化心理影响下学生心理的发展轨迹,进行了现实生活中生存价值的思考,有助于了解学生是如何思索自身、确定自身存在,并以此与他人建立联系的,是学生了解自身、了解社会、了解自己与社会之间关系的指导性书籍。 | |
| 606 | 0 | @a中学生@x素质教育@x教学研究 |
| 690 | @aG631.6@v5 | |
| 701 | 0 | @a郭婉玲@Aguo wan ling@4著 |
| 801 | @aCN@bAHXH@c20210922 | |
| 905 | @b1282035-9@dG631.6@e1207@f5 | |
| 人间诚可居/郭婉玲著.-苏州:苏州大学出版社,2020.9 |
| 370页;25cm |
| ISBN 978-7-5672-3212-9:CNY80.00 |
| 本书主要从个体心理层面研究情感记忆在教育领域对学生心理塑造的意义,作者主要从六个方面进行了探索:一故乡的寻根意识,二成长的叠加心理,三世间的人情暖意,四生活的浪漫情怀,五万物的永恒昭示,六情绪的智慧启迪。本书将基础研究与教育实践应用结合在一起,以富有逻辑性的组织结构,剖析了学生心理的各种情境以及在社会历史和文化心理影响下学生心理的发展轨迹,进行了现实生活中生存价值的思考,有助于了解学生是如何思索自身、确定自身存在,并以此与他人建立联系的,是学生了解自身、了解社会、了解自己与社会之间关系的指导性书籍。 |
| ● |
| 相关链接 |
|
|
|
|
正题名:人间诚可居
索取号:G631.6/1207
 
预约/预借
| 序号 | 登录号 | 条形码 | 馆藏地/架位号 | 状态 | 备注 |
| 1 | 1282035 | 212820358 | 第一样本阅览室/ [索取号:G631.6/1207] | 在馆 | |
| 2 | 1282036 | 212820367 | 教育系资料室/ [索取号:G631.6/1207] | 在馆 | |
| 3 | 1282037 | 212820376 | 教育系资料室/ [索取号:G631.6/1207] | 在馆 | |
| 4 | 1282038 | 212820385 | 第四借阅区/ [索取号:G631.6/1207] | 在馆 | |
| 5 | 1282039 | 212820394 | 第四借阅区/ [索取号:G631.6/1207] | 在馆 |